Statistiques concernant Paroles - Brisé Aya Nakamura

Cliquez ici pour prendre le quiz!

Statistiques générales

  • Ce quiz a été pris 94 fois
  • Le résultat moyen est 334 sur 417

Statistiques - réponses

HintRéponse% Correct
Tu
97%
tu
97%
le
96%
ma
96%
m'a
96%
brisé
95%
Brisé
95%
coeur
95%
côté
93%
coté
93%
de
93%
a
92%
à
92%
les
92%
tout
91%
changé
91%
donné
91%
j'ai
91%
J'ai
91%
la
91%
91%
laissé
91%
laisse
91%
tout
91%
Tout
91%
J'aurais
88%
m'as
88%
te
88%
côtes
86%
côtés
86%
bébé
84%
je
84%
me
84%
pas
84%
ça
83%
Ça
83%
Moi
82%
moi
82%
ne
82%
Ne
82%
V
80%
des
79%
Des
79%
mais
79%
Mais
79%
On
79%
qui
79%
folie
78%
reste
78%
ta
76%
Tes
76%
t'es
76%
tes
76%
tête
76%
Trop
76%
dans
75%
et
75%
t'en
75%
toi
75%
basta
74%
comme
74%
face
74%
j'en
74%
j''en
74%
plaidé
74%
que
74%
tourne
74%
va
74%
assez
72%
c'est
72%
C'est
72%
devait
72%
hommes
72%
lui
72%
manques
72%
souvenirs
72%
tous
72%
Tous
72%
ai
71%
nous
71%
chérie
70%
connais
70%
marre
70%
puis
70%
souris
70%
t'aime
70%
sont
68%
voila
68%
éliminé
67%
deux
66%
m'avais
66%
pareils
66%
penses
66%
subis
66%
baby
64%
illuminé
64%
non
64%
j'oublie
63%
mon
63%
plus
63%
Un
62%
accusée
61%
oh
61%
bibi
59%
pris
59%
autre
58%
besoin
58%
place
58%
quand
58%
désolé
57%
finit
57%
n'étais
57%
terminé
57%
aller
55%
j'avais
55%
peux
54%
s'passer
54%
T'étais
53%
t'étais
53%
dit
49%
encore
49%
rien
49%
font
47%
parler
47%
yeah
47%
1Yeah
47%
après
46%
aujourd'hui
46%
Hier
46%
oses
46%
qu'ça
46%
monde
45%
reviens
45%
fondre
43%
s'est
43%
Sans
42%
c'était
41%
l'on
41%
Maintenant
41%
persistes
39%
s'effondre
38%
n'sert
34%
c'que
33%
cours
32%
mondes
29%
cru
16%
ohh
16%
Hmm
13%
mais je subis
1%
Tu m'as brisé le cœur, brisé les côtes
1%
tu penses que j'oublie
1%

Distribution des résultats

Percentile par nombre de réponses

% des personnes avec chaque résultat

Votre développement - résultats

Vous n’avez pas pris ce quiz